Záhady Jána Slezáka

Bibliographic Details
Main Author: Cabadaj, Peter, 1966- (Author)
Format: Article
Language:Slovak
ISBN:8070905492
Subjects:

MARC

LEADER 00000nab a2200000 ar4500
001 vtls009091629
003 SK-MaSNL
005 20260305010722.0
008 070905c2000 xo |r|p|||||||000 b|slo
015 |a SNBRB2007/09  |2 snkbucl 
038 |a SNKBUCL 
040 |a SNKBUCL  |b slo  |c SNKBUCL  |e AACR2 
041 0 |a slo 
044 |a xo  |c SK 
080 |a 355-051  |2 1997 
100 1 |a Cabadaj, Peter,  |d 1966-   |4 aut  |9 98153 
245 1 0 |a Záhady Jána Slezáka  |c Peter Cabadaj 
600 1 7 |a Slezák, Ján,  |d 1896-1984  |2 snkbucl  |9 165348 
773 0 |t Národný kalendár 2000  |d Martin : Matica slovenská, 2000  |g S. 135-136  |z 8070905492 
852 |a SNK  |b KIS3GCP 
958 |a BX 
958 |a SK 
999 |c 3248240  |d 3250170